| 000 | 00689nam a2200205Ia 4500 | ||
|---|---|---|---|
| 003 | GCL | ||
| 008 | 140319s9999 xx 000 0 ara d | ||
| 040 |
_aGCL / _cGCL |
||
| 082 | 0 | 4 |
_a629.83 _bك س |
| 100 | 1 | _aكرايزمر , ل | |
| 245 | 1 | 0 |
_aالسيبرنيتيك علم التحكم الاتوماتيكى / _cكرايزمر , ل |
| 300 | _a215 ص | ||
| 490 |
_aالهيئة العامة للاستعلامات _v0 |
||
| 650 | 0 | 4 | _aالحاسبات الالكترونية |
| 650 | 0 | 4 | _aالتحكم الالى |
| 650 | 0 | 4 | _aاختزان واسترجاع المعلومات |
| 650 | 0 | 4 | _aالسيبرانتيك |
| 650 | 0 | 4 | _aالتحكم الميكانيكى |
| 942 |
_2ddc _cBK |
||
| 999 |
_c47465 _d47465 |
||